书目信息 |
| 题名: |
辽阔的大陆架
|
|
| 作者: | 沃克, , 伍德, 著 ;王中华 译 | |
| 分册: | ||
| 出版信息: | 上海 上海科学技术文献出版社 2006.07 |
|
| 页数: | 102页 | |
| 开本: | 23cm | |
| 丛书名: | 海洋生命丛书 | |
| 单 册: | ||
| 中图分类: | P736.15 | |
| 科图分类: | ||
| 主题词: | 大陆架--da lu jia--普及读物 | |
| 电子资源: | ||
| ISBN: | 7-5439-2872-8 | |
| 000 | 01169nam 2200289 450 | |
| 001 | 012006127243 | |
| 005 | 20061127163214.42 | |
| 010 | @a7-5439-2872-8@dCNY15.00 | |
| 100 | @a20061026d2006 km y0chiy0120 ea | |
| 101 | 1 | @achi@ceng |
| 102 | @aCN@b310000 | |
| 105 | @aa z 000yy | |
| 200 | 1 | @a辽阔的大陆架@Aliao kuo de da lu jia@f(美) 帕姆·沃克 (Pam Walker), 伊莱恩·伍德 (Elaine Wood) 著@F(mei)pa mu·wo ke(Pam Walker),yi lai en·wu de(Elaine Wood)zhu@g王中华译@Gwang zhong hua yi |
| 210 | @a上海@c上海科学技术文献出版社@d2006.07 | |
| 215 | @a102页@c图@d23cm | |
| 225 | 2 | @a海洋生命丛书@Ahai yang sheng ming cong shu |
| 312 | @a英文题名取自封面。 | |
| 330 | @a海洋的近岸水域被称做大陆架,这一独特的海洋环境里富含营养物质,物产极为丰富。遮天蔽日的海带林和高大茂盛的藻类,绚烂多姿的珊瑚礁等这就是美丽的大陆架。 | |
| 410 | 0 | @12001 @a海洋生命丛书 |
| 510 | 1 | @aContinental shelf@zeng |
| 606 | 0 | @a大陆架@Ada lu jia@j普及读物 |
| 690 | @aP736.15@v4 | |
| 701 | 1 | @a沃克,@Awo ke,@bP.@g(Walker, Pam)@4著 |
| 701 | 1 | @a伍德,@Awu de,@bE.@g(Wood, Elaine)@4著 |
| 702 | 0 | @a王中华@Awang zhong hua@4译 |
| 801 | 0 | @aCN@c20061127 |
| 905 | @a10447@dP736.15@eW705 | |
| 辽阔的大陆架/(美) 帕姆·沃克 (Pam Walker), 伊莱恩·伍德 (Elaine Wood) 著/王中华译.-上海:上海科学技术文献出版社,2006.07 |
| 102页:图;23cm.-(海洋生命丛书) |
| ISBN 7-5439-2872-8:CNY15.00 |
| 海洋的近岸水域被称做大陆架,这一独特的海洋环境里富含营养物质,物产极为丰富。遮天蔽日的海带林和高大茂盛的藻类,绚烂多姿的珊瑚礁等这就是美丽的大陆架。 |
| ● |
| 相关链接 |
|
|
|
正题名:辽阔的大陆架
索取号:P736.15/W705
 
预约/预借
| 序号 | 登录号 | 条形码 | 馆藏地/架位号 | 状态 | 备注 |
| 1 | 224459 | 202244598 | 期刊室512/401自科库 130排1列6层/ [索取号:P736.15/W705] | 在馆 | |
| 2 | 224460 | 202244605 | 自科库401/401自科库 134排2列2层/ [索取号:P736.15/W705] | 在馆 | |
| 3 | 224461 | 202244614 | 期刊室512/401自科库 130排1列6层/ [索取号:P736.15/W705] | 在馆 |